[Event "Tilburg"]
[Site "Tilburg"]
[Date "1991.??.??"]
[Round "4"]
[White "Karpov, Anatoly"]
[Black "Kortschnoj, Viktor"]
[Result "1/2-1/2"]
[WhiteElo "2730"]
[BlackElo "2610"]

1.d4 Nf6 2.c4 e6 3.Nf3 b6 4.g3 Ba6 5.b3 Bb4+ 6.Bd2 Be7 7.Bg2 c6 8.Bc3 d5
9.Ne5 Nfd7 10.Nxd7 Nxd7 11.Nd2 Rc8 12.O-O O-O 13.e4 c5 14.exd5 exd5 15.dxc5 dxc4
16.c6 cxb3 17.Re1 Bb5 18.axb3 Bxc6 19.Bxc6 Rxc6 20.Rxa7 Nf6 21.Qf3 Qd5 22.Rexe7 Qxf3
23.Nxf3 Rxc3 24.Ng5 Rxb3 25.Nxf7 Re8 26.Reb7 Re1+ 27.Kg2 Ne8 28.Rb8 Rd3 29.f4 Rd5
30.h4 Re2+ 31.Kh3 h5 32.Ne5 Rd1 33.Rxe8+ Kh7 34.g4 Re3+ 35.Kg2 Rd2+ 36.Kf1 Rh3
37.Kg1 Rg3+ 38.Kf1 Rh3 39.Kg1 Rg3+ 40.Kf1 Rh3  1/2-1/2